Constituencies of Northern Ireland - Statistics

General Stats
  • This quiz has been taken 63 times
  • The average score is 12 of 18
Answers on the Map
Answers color-coded by a green-red scale on the quiz's map according to % correct below.
 
Answer Stats
Answer % Correct
North Antrim
86%
South Antrim
83%
Foyle
81%
Belfast East
78%
Belfast North
78%
Belfast South
78%
Belfast West
78%
East Antrim
75%
North Down
75%
Mid Ulster
72%
South Down
69%
West Tyrone
69%
Fermanagh and South Tyrone
64%
East Londonderry
58%
Lagan Valley
53%
Newry and Armagh
50%
Strangford
50%
Upper Bann
50%
No matching quizzes found
Score Distribution
Percent of People with Each Score
Percentile by Number Answered
Your Score History
You have not taken this quiz